| 000 | 00711nam a22002177a 4500 | ||
|---|---|---|---|
| 005 | 20160627195811.0 | ||
| 008 | 160506b xxu||||| |||| 00| 0 spa d | ||
| 022 | _a03793982 | ||
| 082 | _aTecnología en Marcha Vol 25, N° 4 2012 | ||
| 100 |
_aMiranda Hamburger, Fabio _99634 |
||
| 245 | _aDiseño de una antena fractal de 2400 MHz | ||
| 260 |
_aCosta Rica _bEditorial Tecnológica de Costa Rica _c2012 |
||
| 300 | _apáginas 71-75 | ||
| 440 |
_aTecnología en Marcha _911789 |
||
| 650 |
_aCOSTA RICA _911790 |
||
| 650 |
_aANTENA FRACTAL _99637 |
||
| 650 |
_aTRIÁNGULO DE SIERPIŃSKI _99638 |
||
| 650 |
_aSISTEMAS DE COMUNICACIÓN _99618 |
||
| 650 |
_aANTENAS DE COMUNICACIÓN _99639 |
||
| 942 | _cREV | ||
| 999 |
_c8068 _d8068 |
||